000 00360nam a22001577a 4500
003 MPLRDC
005 20220104123400.0
008 210129b ||||| |||| 00| 0 eng d
082 _a931.7 TDS
100 _a汤成沅著
245 _a汤涤生纪年印存
_c
260 _a
_b印林双月刊
_c1985
300 _b
650 _a
942 _cBK
_o931.7 TDS
999 _c10986
_d10976